000
00275nam a2200121Ia 4500
008
191201s2019 xx 000 0 und d
100
_a
SHEVGAONKAR, R K
245
0
_a
Electromagnetic Waves
260
_b
TMH
_c
2019
300
_a
580
650
_a
B.Tech(ECE)
942
_2
ddc
_c
BK
999
_c
7063
_d
7063